Review of communication and media studies (RCMS) (Record no. 38626)

MARC details
000 -LEADER
fixed length control field 00602nam a2200169Ia 4500
022 ## - INTERNATIONAL STANDARD SERIAL NUMBER
ISSN 24372129
050 ## - CALL MARK
Classification number PE 1479 .R48/
245 #0 - TITLE STATEMENT
Title Review of communication and media studies (RCMS)
260 ## - PUBLICATION, DISTRIBUTION, ETC. (IMPRINT)
Place of publication Port-Harcourt, Nigeria
260 ## - PUBLICATION, DISTRIBUTION, ETC. (IMPRINT)
Name of publisher Sabcos printers & publishers
260 ## - PUBLICATION, DISTRIBUTION, ETC. (IMPRINT)
Year of publication 2017
300 ## - PHYSICAL DESCRIPTION
Number of Pages iv, 299 p. ; 24 cm.
650 ## - SUBJECT ADDED ENTRY--TOPICAL TERM
Topical Term English language--Business English--Study and teaching. Business communication--Study and teaching. English language--Textbooks for foreign speakers. Business writing.
942 ## - ADDED ENTRY ELEMENTS (KOHA)
Koha item type Serials

No items available.